Japanese and Americans : Cultural parallels and paradoxes
Vấn đề người Nhật di cư sang đất Mỹ. Cuộc sống của những người Mỹ gốc Nhật này. so sánh tổ chức gia đình và cộng đồng người Mỹ gốc Nhật với người Nhật ở chính quốc. Sự tiến triển của cộng đồng người Mỹ gốc Nhật đã di tả...
Zapisane w:
| 1. autor: | |
|---|---|
| Format: | Książka |
| Język: | Undetermined |
| Wydane: |
Tokyo, Japan
Charles E. Tuttle Co.
1982
|
| Hasła przedmiotowe: | |
| Etykiety: |
Dodaj etykietę
Nie ma etykietki, Dołącz pierwszą etykiete!
|
| Thư viện lưu trữ: | Trung tâm Học liệu Trường Đại học Cần Thơ |
|---|
| LEADER | 01030nam a2200205Ia 4500 | ||
|---|---|---|---|
| 001 | CTU_113157 | ||
| 008 | 210402s9999 xx 000 0 und d | ||
| 082 | |a 952.04 | ||
| 082 | |b C623 | ||
| 100 | |a Cleaver, Charles Grinnell | ||
| 245 | 0 | |a Japanese and Americans : | |
| 245 | 0 | |b Cultural parallels and paradoxes | |
| 245 | 0 | |c Charles Grinnell Cleaver | |
| 260 | |a Tokyo, Japan | ||
| 260 | |b Charles E. Tuttle Co. | ||
| 260 | |c 1982 | ||
| 520 | |a Vấn đề người Nhật di cư sang đất Mỹ. Cuộc sống của những người Mỹ gốc Nhật này. so sánh tổ chức gia đình và cộng đồng người Mỹ gốc Nhật với người Nhật ở chính quốc. Sự tiến triển của cộng đồng người Mỹ gốc Nhật đã di tản và một nền văn hoá riêng của họ trên đất Mỹ | ||
| 650 | |a Comparative civilization | ||
| 904 | |i Minh | ||
| 980 | |a Trung tâm Học liệu Trường Đại học Cần Thơ | ||